Datum a čas kvízu

33 Celkem bodů Celkový počet nahraných bodů na tomto kvízu bez doplňovacích otázek.
2. Pořadí na kvízu Konečné umístění týmu na tomto kvízu.

Zaznamenané odpovědi

# Otázka Odpověď Body Výsledky
1. Ministerstvo obrany opět nabíz... řopík 1
2. Po více než 80 letech se do je... Pompeje 0
3. Zříceninu jednoho českého hrad... Trosky; Kingdom Come: Deliverance (2) 1
4. Novým majitelem zkrachovalé hu... Martin Pecina 1
5. Počátkem týdne řešila sportovn... liliputáni (lidé s achondroplázií) 1
6. Jak se jmenují herečtí předsta... Václav Lohniský, Valerie Kaplanová 1
7. „Tanec smrti“ je výtvarné téma... danse macabre 0
8. Pikové eso bývá nazýváno karto... 2003 (bod připisujeme za odpovědi 2002 až 2004) 1
9. Která slovenská hudební skupin... Elán 1
10. Napište čtyřpísmenné jméno hin... Kálí 1